[Event "RSA-ch U16 Girls"]
[Site "Gauteng"]
[Date "2017.04.07"]
[Round "5"]
[White "Strumpfer, Marilee"]
[Black "Emanuel, Prithee"]
[Result "0-1"]
[WhiteElo "825"]
[BlackElo "1065"]
[PlyCount "45"]
[EventDate "2017.04.05"]
[EventType "swiss"]
[EventRounds "11"]
[EventCountry "RSA"]
[SourceTitle "CBM 177 Extra"]
[Source "ChessBase"]
[SourceDate "2017.04.27"]
[SourceVersion "1"]
[SourceVersionDate "2017.04.27"]
[SourceQuality "1"]

1. c4 e5 2. g3 Nc6 3. Bg2 g6 4. Nc3 Bg7 5. e3 d6 6. Nf3 f5 7. d3 Nf6 8. e4 fxe4 9. dxe4 Be6 10. b3 Qd7 11. 0-0 Bg4 12. Nd5 Nxe4 13. Bb2 0-0-0 14. Qe1 Nc5 15. Qd2 Rhf8 16. b4 Ne4 17. Qe3 Nf6 18. Nxf6 Bxf6 19. b5 Nb8 20. Rad1 Qf5 21. Rd5 Bh8 22. Nh4 Qg5 23. c5 0-1

[Event "RSA-ch U16 Girls"]
[Site "Gauteng"]
[Date "2017.04.06"]
[Round "2"]
[White "Emanuel, Prithee"]
[Black "Singh, Pragna"]
[Result "1-0"]
[WhiteElo "1065"]
[BlackElo "1160"]
[PlyCount "58"]
[EventDate "2017.04.05"]
[EventType "swiss"]
[EventRounds "11"]
[EventCountry "RSA"]
[SourceTitle "CBM 177 Extra"]
[Source "ChessBase"]
[SourceDate "2017.04.27"]
[SourceVersion "1"]
[SourceVersionDate "2017.04.27"]
[SourceQuality "1"]

1. Nf3 g6 2. c4 Bg7 3. g3 b6 4. Nc3 Bb7 5. Bg2 Nf6 6. b3 d6 7. Bb2 e5 8. e3 0-0 9. 0-0 Nbd7 10. Qe2 Rc8 11. Rfd1 a5 12. Rac1 Nc5 13. d3 e4 14. dxe4 Nfxe4 15. Nxe4 Bxb2 16. Qxb2 Nxe4 17. Nd2 Nc5 18. Nf3 Be4 19. Rd4 Qf6 20. Qe2 Nd3 21. Rxd3 Bxd3 22. Qxd3 Rcd8 23. Nd4 c5 24. Nc6 Rd7 25. Rd1 Qe6 26. Qf1 f6 27. Bd5 Rc7 28. Qg2 Kg7 29. Bxe6 Rxc6 1-0